| 000 | 00382nam a2200109Ia 4500 | ||
|---|---|---|---|
| 008 | 171212s9999 xx 000 0 und d | ||
| 100 | _aDavis, Robert C.;Iyengar, Radha | ||
| 245 |
_cDavis, Robert C.;Iyengar, Radha _aEvaluation of the Caruth Police Institute at Dallas |
||
| 260 |
_bRAND Corporation _c2013 |
||
| 650 | _aLaw | ||
| 856 | _uhttp://www.jstor.org/stable/10.7249/j.ctt5hhvkz | ||
| 999 |
_c352044 _d352044 |
||